| 000 | 00000nam##2200000za#4500 |
| 001 | 9.700026 |
| 003 | CaOODSP |
| 005 | 20210625000640 |
| 007 | cr ||||||||||| |
| 008 | 150407|2005||||xxc|||||o f|0| 0 eng|d |
| 040 | |aCaOODSP|beng |
| 043 | |an-cn--- |
| 086 | 1 |aV32-148/2005E-PDF |
| 110 | 1 |aCanada. |bVeterans Affairs Canada. |
| 245 | 10|aCanada remembers - the defence of Hong Kong |h[electronic resource] |
| 260 | |aCharlottetown - Prince Edward Island : |bVeterans Affairs Canada |cc2005. |
| 300 | |a2p. |
| 500 | |aThe catalogue number (V32-148/2005) and ISBN (0-662-69058-3) for the bilingual print edition have been copied in this electronic publication. |
| 590 | |a14-17-Supp|b2014-10-09 |
| 775 | 08|tLe Canada se souvient - la défense de Hong Kong |w(CaOODSP)9.643941 |
| 776 | 0#|tThe Defence of Hong Kong |w(CaOODSP)9.666535 |
| 776 | 0#|tLa défense de Hong Kong |w(CaOODSP)9.666536 |
| 856 | 40|ahttp://publications.gc.ca|qPDF|s447 KB|uhttps://publications.gc.ca/collections/collection_2014/acc-vac/V32-148-2005-eng.pdf |